Random countries - Map Quiz - Statistics

General Stats
  • This quiz has been taken 21 times
  • The average score is 21 of 24
Answers on the Map
Answers color-coded by a green-red scale on the quiz's map according to % correct below.
 
Answer Stats
Answer % Correct
argentina
100%
bangladesh
100%
denmark
100%
egypt
100%
greece
100%
iceland
100%
japan
100%
nepal
100%
portugal
100%
qatar
100%
yemen
100%
haiti
93%
libya
93%
oman
93%
seychelles
93%
venezuela
87%
cameroon
80%
mozambique
80%
rwanda
80%
tuvalu
80%
uganda
73%
zimbabwe
73%
fiji
60%
kyrgystan
33%
No matching quizzes found
Score Distribution
Percent of People with Each Score
Percentile by Number Answered
Your Score History
You have not taken this quiz